000 00971nam a2200301Ia 4500
003 OSt
005 20221007123845.0
006 a|||||r|||| 00| 0
007 ta
008 221006b |||||||| |||| 00| 0 eng d
020 _a9780470842942 (pbk)
_c2961
024 _a80108
037 _b104, 07/01/2008, Dhanraj Book House
_cTextual
040 _aCDL
_cCDL
_beng
041 _2eng
_aeng
082 _aE:225.26, P7 Carc
100 _aWright Margaret Robson
_9718023
245 0 _aIntroduction to aqueous electrolyte solutions
260 _aHoboken
_bJohn Wiley & Sons
_c2007
300 _axxviii,574p.
_ccm.
500 _aIndex 563-574p
650 _a Chemical equilibrium
_9718024
650 _a Electrolye solutions
_9718025
650 _a Solution - chemistry
_9718026
650 _aChemistry
942 _hE:225.26, P7 Carc
_cTEXL
_2CC
999 _c1212580
_d1212580